000 00701cam a2200157 4500500
005 20260111085604.0
041 _afre
042 _adc
100 1 0 _aLabey, Gildas
_eauthor
245 0 0 _aBéatrice Surchat, Suis-je le gardien de mon frère ? Labor et Fides, 2023, 336 pages, 22 €.
260 _c2023.
500 _a31
520 _aAu Palais de Tokyo, à Paris, le duo autrichien constitué de Jakob Lena Knebl et d’Ashley Hans Scheirl est au cœur d’une exposition résolument placée sous le signe du double.
786 0 _nÉtudes | Javier | 1 | 2023-12-22 | p. 121p-144p | 0014-1941
856 4 1 _uhttps://shs.cairn.info/revue-etudes-2024-1-page-121p?lang=fr&redirect-ssocas=7080
999 _c1618280
_d1618280